| 000 | 00715nam a2200241 a 4500 | ||
|---|---|---|---|
| 001 | 000019535 | ||
| 003 | OSt | ||
| 005 | 20200929170041.0 | ||
| 008 | 100630s2008 sp ac 000 0 spa d | ||
| 020 | _a9788466216548 | ||
| 040 |
_aDO-SdBNP _bspa _cBNPHU |
||
| 049 | _aBNPD | ||
| 082 |
_a923.1 _bH675M |
||
| 100 | 1 |
_aMartínez Rubio, María J. _941926 |
|
| 245 | 1 | 0 |
_aAdolf Hitler / _cMaría J. Martínez Rubio. |
| 260 |
_aMadrid : _bLIBSA, _c2008. |
||
| 300 |
_a312 p. : _bil., retrs. ; _c25 cm. |
||
| 600 | 1 | 4 |
_aHITLER, ADOLF, _d1889-1945 _919237 |
| 650 | 4 |
_aJefes de estado _zAlemania _xBiografía _941927 |
|
| 651 | 4 |
_aAlemania _xPolítica Y Gobierno _y1933-1945 _941928 |
|
| 942 |
_2ddc _cLF1 |
||
| 956 | _aLOPEREZ | ||
| 999 |
_c19051 _d19051 |
||